Detalles MARC
| 000 -CABECERA |
| campo de control de longitud fija |
01722nam a2200301 a 4500 |
| 001 - NÚMERO DE CONTROL |
| campo de control |
000008207 |
| 005 - FECHA Y HORA DE LA ÚLTIMA TRANSACCIÓN |
| campo de control |
20200929154502.0 |
| 008 - DATOS DE LONGITUD FIJA--INFORMACIÓN GENERAL |
| campo de control de longitud fija |
090915d2006 dr abc r 001 0 spa d |
| 020 ## - NÚMERO INTERNACIONAL ESTÁNDAR DEL LIBRO |
| Número Internacional Estándar del Libro |
9993423831 |
| 040 ## - FUENTE DE LA CATALOGACIÓN |
| Centro catalogador/agencia de origen |
DO-SdBNP |
| Lengua de catalogación |
spa |
| Centro/agencia transcriptor |
BNPHU |
| 082 ## - NÚMERO DE LA CLASIFICACIÓN DECIMAL DEWEY |
| Número de clasificación |
665.53097293 |
| Número de documento/Ítem |
E47h |
| 100 1# - ENTRADA PRINCIPAL--NOMBRE DE PERSONA |
| Nombre de persona |
Ellis, Gerld |
| Numeración |
1926- |
| 9 (RLIN) |
22253 |
| 245 10 - MENCIÓN DE TÍTULO |
| Título |
Historia del petróleo en la República Dominicana : |
| Resto del título |
compendio de lsa actividades de la industria del petróleo en la República Dominicana desde principios del siglo XX hasta el presente / |
| Mención de responsabilidad, etc. |
Gerld Ellis, Néstor Rodríguez S. |
| 260 ## - PUBLICACIÓN, DISTRIBUCIÓN, ETC. |
| Lugar de publicación, distribución, etc. |
Santo Domingo : |
| Nombre del editor, distribuidor, etc. |
Academia Dominicana de Historia : Refinería Dominicana de Petróleo, |
| Fecha de publicación, distribución, etc. |
2006. |
| 300 ## - DESCRIPCIÓN FÍSICA |
| Extensión |
185 p. : |
| Otras características físicas |
il., gráf., maps. retr. ; |
| Dimensiones |
26 cm. |
| 500 ## - NOTA GENERAL |
| Nota general |
Incluye datos biográficos de los autores en las solapas |
| 500 ## - NOTA GENERAL |
| Nota general |
Incluye referencias bibliográficas y notas al pie de las páginas |
| 504 ## - NOTA DE BIBLIOGRAFÍA, ETC. |
| Nota de bibliografía, etc. |
Bibliografía : p. 183-185 |
| 505 0# - NOTA DE CONTENIDO CON FORMATO |
| Nota de contenido con formato |
Prólogo -- |
| Título |
Tecnología del petróleo -- |
| -- |
Las cuencas sedimentarias en la República Dominicana -- |
| -- |
Exploración petrolera en República Dominicana 1904 -1972 -- |
| -- |
Exploración petrolera en República Dominicana 1972-1990 -- |
| -- |
Exploración petrolera en República Dominicana período desde 1990 hasta el presente -- |
| -- |
La refinería dominicana del petróleo -- |
| -- |
Bibliografía. |
| 590 ## - NOTA LOCAL (RLIN) |
| Nota local |
Inventariado, 2018/ YL |
| 610 14 - PUNTO DE ACCESO ADICIONAL DE MATERIA--NOMBRE DE ENTIDAD CORPORATIVA |
| Nombre de entidad corporativa o nombre de jurisdicción como elemento de entrada |
REFINERÍA DOMINICANA DE PETRÓLEO |
| Subdivisión general |
HISTORIA |
| 9 (RLIN) |
22254 |
| 650 #4 - PUNTO DE ACCESO ADICIONAL DE MATERIA--TÉRMINO DE MATERIA |
| Término de materia o nombre geográfico como elemento de entrada |
Refinación de petróleo |
| 9 (RLIN) |
22255 |
| 650 #4 - PUNTO DE ACCESO ADICIONAL DE MATERIA--TÉRMINO DE MATERIA |
| Término de materia o nombre geográfico como elemento de entrada |
Petróleo |
| Subdivisión geográfica |
República Dominicana |
| Subdivisión general |
Historia |
| 9 (RLIN) |
22256 |
| 650 #4 - PUNTO DE ACCESO ADICIONAL DE MATERIA--TÉRMINO DE MATERIA |
| Término de materia o nombre geográfico como elemento de entrada |
Ingenieria de petroleos |
| 9 (RLIN) |
22257 |
| 650 #4 - PUNTO DE ACCESO ADICIONAL DE MATERIA--TÉRMINO DE MATERIA |
| Término de materia o nombre geográfico como elemento de entrada |
Perforación de posos petroleros |
| 9 (RLIN) |
22258 |
| 700 12 - PUNTO DE ACCESO ADICIONAL--NOMBRE DE PERSONA |
| Nombre de persona |
Rodríguez S., Néstor |
| 9 (RLIN) |
22259 |
| 910 ## - DATOS DE OPCIÓN DEL USUARIO (OCLC) |
| Datos de opción del usuario |
Validado. Control de calidad. MFF |